Missing Word: Bryan Cranston Quiz Stats

 Plays Quiz Updated Jan 11, 2019

Challenge
Share
Tweet
Embed
Score 0/18 Timer 03:00
2 Plays Today
clue Missing Word % Correct
TVMet
99%
TVMiddle
98%
TVBad
97.8%
MovieRyan
97.6%
MovieLittle
96.4%
TVWrote
96.3%
TVKing
93.4%
MovieRock
83.2%
MovieRecall
78%
clue Missing Word % Correct
TVMurder
73.9%
TVShow
69.2%
MoviePower
60.2%
MovieLawyer
49.6%
TVRobot
47.1%
TVPete
46.1%
MovieJohn
31.2%
MovieLarry
30%
MovieRed
22.7%

Today's Daily Dose

You're not logged in!

Compare scores with friends on all Sporcle quizzes.
OR
Log In

You Might Also Like...

Show Comments

Extras

Top Quizzes Today


Score Distribution

Your Account Isn't Verified!

In order to create a playlist on Sporcle, you need to verify the email address you used during registration. Go to your Sporcle Settings to finish the process.

Report this User

Report this user for behavior that violates our Community Guidelines.

Details: